000 00454ntaaa2200169 4500
003 01
005 20251027203258.0
008 0714s1973 ag 01
020 _a9789873337789
040 _aAR-BaBN
_bspa
_cAR-BaBN
_eaacr
_dRIC
082 _a923.9 P68
100 _aPitra, Elvira María
_935697
245 _aJardines detrás de los montes /
_cElvira María Pitra
250 _a1ªed.
260 _aBuenos Aires, Grancharoff impresores, 2013
942 _cBK
999 _c28260
_d28260